| 000 | 01764nam a22002537a 4500 | ||
|---|---|---|---|
| 003 | Uzh_bibl | ||
| 008 | 260629b |||||||| |||| 00| 0 ukr d | ||
| 020 | _c1.60 | ||
| 040 | _aукр. | ||
| 041 |
_2ukr _aukr |
||
| 080 | _a821(477) | ||
| 090 |
_a821(477) _bГ 69 |
||
| 100 | _aГорлач, Леонід | ||
| 245 |
_aСлов'янський острів _cПіслям. Д.С. Наливайка _hТекст |
||
| 260 |
_aКиїв _bРадянський письменник _c1986 |
||
| 300 |
_a238 с. _fВ опр. |
||
| 520 | _a«Слов'янський острів» — роман у віршах українського радянського поета, лауреата Республіканської премії їм. М. Островського. В ньому показано боротьбу чеського народу проти хрестоносців в XV ст. Своїх героїв - борців за народну волю Яна Гуса і Яна Жижку — поет змальовує на широкому історичному тлі. Активне розвінчування релігійних догматів і возвеличення народних мас. Художня тканина його приваблює деталізацією реалій, зримістю зображуваних подій знанням побуту. | ||
| 521 | _aДля широкого кола читачів | ||
| 546 | _aукр. | ||
| 650 |
_vЛітературно-художнє видання _yXV століття _zЧехія |
||
| 653 |
_aЧехія _aГус _a Жижка _aБоротьба _aСвобода |
||
| 655 |
_aРоман у віршах _vІсторичний роман |
||
| 942 |
_2udc _cBK |
||
| 999 |
_c18591 _d18591 |
||